Non-binary and genderqueer genders /
Guardat en:
| Altres autors: | , |
|---|---|
| Format: | Llibre |
| Idioma: | anglès |
| Publicat: |
London ; New York :
Routledge,
2020
|
| Etiquetes: |
Sense etiquetes, Sigues el primer a etiquetar aquest registre!
|
MARC
| LEADER | 00000nam a22000007i 4500 | ||
|---|---|---|---|
| 001 | IT\ICCU\UBO\4879122 | ||
| 003 | ItRI | ||
| 005 | 20260115232008.0 | ||
| 008 | 250519s2020 xxk|||||| ||||| |||||c | ||
| 020 | |a 9781032173733 | ||
| 040 | |b ita |c importazione bologna sebina | ||
| 041 | 7 | |a eng |2 ISO-639-2 | |
| 130 | 0 | |a Non-binary and genderqueer genders |3 IT\ICCU\UBO\4879127 | |
| 245 | 0 | 0 | |a Non-binary and genderqueer genders / |c edited by Joz Motmans, Timo O. Nieder, Walter Pierre Bouman. |
| 260 | |a London ; |a New York : |b Routledge, |c 2020 | ||
| 300 | |a xiv, 225 p. ; |c 28 cm | ||
| 700 | 1 | |a Bouman, Walter Pierre |0 IT\ICCU\UBOV\077377 | |
| 700 | 1 | |a Nieder, Timo O. |0 IT\ICCU\UBOV\157287 | |
| 942 | |2 ddc |c BK |n 0 | ||
| 952 | |0 0 |1 0 |4 0 |6 DOC_306_762000000000000_MOT |7 0 |9 18623 |a BO |b BO |d 2026-01-15 |i 19576 |l 0 |o DOC 306.762 MOT |p BO19576 |r 2026-01-15 23:20:08 |w 2026-01-15 |x [Sebina 5] [1 v.] |y BK |z 1 v. | ||
| 999 | |c 15787 |d 15787 | ||